El hombre que vendía talento : (Registro nro. 23243)
[ vista simple ]
| 000 -CABECERA | |
|---|---|
| campo de control de longitud fija | 00654nam a2200193 u 4500 |
| 001 - NÚMERO DE CONTROL | |
| campo de control | 000023747 |
| 005 - FECHA Y HORA DE LA ÚLTIMA TRANSACCIÓN | |
| campo de control | 20200930022433.0 |
| 008 - DATOS DE LONGITUD FIJA--INFORMACIÓN GENERAL | |
| campo de control de longitud fija | 110112s1959 ck r 000 c spa d |
| 040 ## - FUENTE DE LA CATALOGACIÓN | |
| Centro catalogador/agencia de origen | DO-SdBNP |
| Lengua de catalogación | spa |
| Centro/agencia transcriptor | BNPHU |
| 082 ## - NÚMERO DE LA CLASIFICACIÓN DECIMAL DEWEY | |
| Número de clasificación | xxx |
| Número de documento/Ítem | A553h |
| 049 ## - FONDOS LOCALES (OCLC) | |
| Fondos de biblioteca | BNGR |
| 100 1# - ENTRADA PRINCIPAL--NOMBRE DE PERSONA | |
| Nombre de persona | Andrade Rivera, Gustavo. |
| 9 (RLIN) | 48896 |
| 245 13 - MENCIÓN DE TÍTULO | |
| Título | El hombre que vendía talento : |
| Resto del título | asunta teatral en dos actos / |
| Mención de responsabilidad, etc. | Gustavo Andrade Rivera. |
| 246 21 - FORMA VARIANTE DE TÍTULO | |
| Texto de visualización | Rémington 22 ; El hombre que vendía talento ; Historias para quitar el miedo |
| 260 ## - PUBLICACIÓN, DISTRIBUCIÓN, ETC. | |
| Lugar de publicación, distribución, etc. | Bototá : |
| Nombre del editor, distribuidor, etc. | [ s.n.] , |
| Fecha de publicación, distribución, etc. | 1959. |
| 300 ## - DESCRIPCIÓN FÍSICA | |
| Extensión | 78 p. ; |
| Dimensiones | 21 cm. |
| 490 10 - MENCIÓN DE SERIE | |
| Mención de serie | Cuadernos Huilenses |
| Designación de volumen o secuencia | 3 |
| 830 #0 - PUNTO DE ACCESO ADICIONAL DE SERIE-TÍTULO UNIFORME | |
| Título uniforme | Cuadernos Huilenses ; |
| Designación de volumen o secuencia | 3 |
| 9 (RLIN) | 48897 |
| Estado de retiro | Estado de pérdida | Restricciones de uso | No para préstamo | Código de colección | Localización permanente | Ubicación/localización actual | Ubicación en estantería | Fecha de adquisición | Número de inventario | Total de préstamos | Signatura topográfica completa | Código de barras | Fecha visto por última vez | Precio válido a partir de | Tipo de ítem Koha |
|---|---|---|---|---|---|---|---|---|---|---|---|---|---|---|---|
| Excluido de préstamo | Monografías: Libros y Folletos | General | General | En catalogación | 12.01.2011 | LF1 | xxx A553h | 23747-10 | 25.06.2020 | 25.06.2020 | No se presta |
